Регионална библиотека "Любен Каравелов" - Русе

Иван Нешев (Запис номер 210973)

MARC детайли
000 -Лидер
Контролно поле с фиксирана дължина 01511nkm a2200373 c 4500
003 - Код на организацията, давaща контролен номер
Контролно поле BLK
005 - Дата и час на последна редакция
Контролно поле 20200720144821.0
008 - Елементи от данни с фиксирана дължина
fixed length control field 180412b bul rap|r|||| r0| ||bulo|
010 ## - Наследен системен номер
LC control number KNG00174253000
040 ## - Източник на каталожния запис
Идентификатор на билиотеката - собственик на записа BLK
041 ## - Код за език
Код за езика на текст/звукозапис или на отделно заглавие Български
Код за езика КДБФ Български
080 ## - УДК
Текстов определител УДК Скулптори
УДК код - определител по УДК 730.071.1
УДК определител (497.2)(092)
УДК - код + определител 730.071.1(497.2)(092)
080 ## - УДК
Текстов определител УДК Български скулптор (1927-1987)
УДК код - определител по УДК 929 Нешев, Иван Стефанов
УДК - код + определител 929 Нешев, Иван Стефанов
139 ## - Редно поле
Редна дума Иван Нешев
Авторски знак Неш - Н 64
245 10 - Сведения за заглавието
Заглавие Иван Нешев
Редно поле (дума) въвед. Стоян Николов
257 ## - Страна на издаване
Страна на създаване/издаване България
260 ## - Област на издателските данни
Име на издателя, разпространителя и проч. Бълг. художник
Година на издаване 1972
Място на издаване, разпространение и проч. София
300 ## - Физическа характеристика
Страници 73 с.
Илюстрации и др. с репрод.
Размери/Мащаб 16Х18 см
380 ## - Жанр
Жанр Изкуство
490 1# - СЕРИИ (Колекции)
Име на серия Библиотека Съвремени български художници
500 ## - Общи забележки
Забележка Списък на репрод.
600 14 - Име на лице, използвано като предмет
За него / За нея Нешев, Иван Стефанов
9 (RLIN) 352675
650 #4 - Допълнително описание по предмет – тема
Основно описание – тема или топоним Скулптори, български - албуми, каталози
9 (RLIN) 264055
651 #4 - Допълнително описание по предмет - топоним
Географско понятие България
9 (RLIN) 241624
653 ## - Ключова дума – ненормативна
Ключова дума български скулптори
653 ## - Ключова дума – ненормативна
Ключова дума скулптура
700 1# - Други автори (авторска отговорност)
Лично име Николов, Стоян
Автороска отговорност (Описва отношението между автора и произведението) въвед.
9 (RLIN) 378196
852 ## - Местоположение
Фондова буква Хранилище
Форматна сигнатура Цб І 39612
856 4# - Електронен адрес и достъп
Електронен формат pdf - файл
Път до файла /url/
856 4# - Електронен адрес и достъп
Електронен формат pdf - файл
Път до файла /url/
999 ## - СИСТЕМНИ КОНТРОЛНИ НОМЕРА
Koha biblionumber 210973
Koha biblioitemnumber 210973
942 ## - АРТИКУЛИ
Вид на библиотечния материал Графични издания
Скрит в OPAC Не
Периодичен библиозапис Да
944 ## - СЪЗДАВАНЕ И РЕДАКЦИЯ на ЗАПИСА
Създаване/Редакция Създаване
Дата на регистрацията/редакция 17.04.2015
Служител, извършил регистрацията/редакцията Камелия_Данева
944 ## - СЪЗДАВАНЕ И РЕДАКЦИЯ на ЗАПИСА
Създаване/Редакция Редакция
Дата на регистрацията/редакция 2020-07-17
Служител, извършил регистрацията/редакцията НР
999 ## - СИСТЕМНИ КОНТРОЛНИ НОМЕРА
Koha biblioitemnumber 210973
999 ## - СИСТЕМНИ КОНТРОЛНИ НОМЕРА
Koha biblioitemnumber 210973
Наличности
Код за отписване Код за изгубен артикул Източник на класификационната схема Код за повреда Коз за рестрикции Код за отдаване Артикулен № Име на библиотеката - собственик Име на библиотеката, в която се намира в момента Статус (Текущо местоположение) Дата на вписване в системата Местоположение - отдел Цена в лева Инвентарен номер Систематично азбучна сигнатура Баркод Номер на екземпляра Цена в евро Служебна бележка Служебен тип на артикула
  Не е изгубен Universal Decimal Classification Не е повреден без рестрикции заемане за дома 362762 Регионална библиотека "Любен Каравелов" Русе Регионална библиотека "Любен Каравелов" Русе Отдел Изкуство - подръчен фонд 1972-01-01 Отдел Изкуство - подръчен фонд 1.50 117390 730(092)/Н 64 120000117390 1 0.77 Дост: Pk Вид: Ф N: стар фонд Дата: 01.01.1972 Графични издания
  Не е изгубен Universal Decimal Classification Не е повреден само за читалня ползва се в читалня 362763 Регионална библиотека "Любен Каравелов" Русе Регионална библиотека "Любен Каравелов" Русе Хранилище 1972-01-01 Хранилище 1.50 118179 Цб І 39612 120000118179 2 0.77 Дост: Dp Вид: Д N: стар фонд Дата: 01.01.1972 Графични издания
Vip Innovations Ltd, Rousse, Bulgaria 2025